|
|
|
|
| LEADER |
00000nam a2200000 a 4500 |
| 001 |
vtls001310251 |
| 003 |
SK-MaSNL |
| 005 |
20260301065346.0 |
| 008 |
240314s1926 xr 0 hun |
| 035 |
|
|
|a SNK000262598
|
| 040 |
|
|
|a SNK
|b slo
|c SNK
|e AACR2
|
| 044 |
|
|
|a xr
|c CZ
|
| 100 |
1 |
|
|a Bidlo, Jaroslav,
|d 1868-1937
|4 aut
|9 125984
|
| 245 |
1 |
0 |
|a Világtörténet a középiskolák felsö osztályai számára
|n rész 2.
|p A közép-kor és az új-kor története 1648-ig
|c írtak: Jaroslav Bidlo, József Šusta, František Hýbl ; ford. Kincses István
|
| 260 |
|
|
|a Prága
|b Profesorské nakl. a knihkup.
|c 1926
|
| 300 |
|
|
|a 266 s., 25 fot. príl.
|c 8°
|
| 700 |
1 |
|
|a Šusta, Josef,
|d 1874-1945
|4 aut
|9 190845
|
| 700 |
1 |
|
|a Hýbl, František,
|d 1875-1929
|4 aut
|9 10181
|
| 700 |
1 |
|
|a Kincses, István
|4 trl
|9 384002
|
| 999 |
|
|
|c 630439
|d 632369
|
| 952 |
|
|
|t P60, <04>, [BOOK], {604}
|a SNK
|b SNK
|y VYP
|7 0
|o snkIC 88571/2
|i snkD 998/82
|0 0
|1 0
|4 0
|d 1997-11-12
|l 0
|r 2005-01-02 00:00:00
|w 2026-02-23
|
| 952 |
|
|
|t P60, <04>, [BOOK], {604}
|a SNK
|b SNK
|y VYP
|7 0
|o snkIC 88571/2 D1
|i snkD 999/82
|0 0
|1 0
|4 0
|d 1997-11-12
|l 0
|r 2005-01-02 00:00:00
|w 2026-02-23
|